000 00349nam a2200157Ia 4500
003 Ost
005 20260225132547.0
008 260225s9999||||xx |||||||||||||| ||und||
040 _cfsic
041 _afre
082 _a440
100 _aIbn Khaldun
_eAuteur
245 0 _aPeuples et nations du monde /
245 0 _cIbn Khaldun
942 _cكتاب
999 _c33878
_d33878